La enseñanza de los valores en la sociedad contemporánea

Guardat en:
Dades bibliogràfiques
Autor principal: Barberá Albalat, Vicente (Autor)
Format: Llibre
Idioma:espanyol
Publicat: Madrid Escuela Española 1981
Col·lecció:Colección Práctica Educativa
Matèries:
Etiquetes: Afegir etiqueta
Sense etiquetes, Sigues el primer a etiquetar aquest registre!

MARC

LEADER 00000nam a2200000 a 4500
001 UCZ7503
003 CL-VaPUC
008 960105e19810000SP |||||||||||||||||spa|d
082 0 4 |a 370.114  |b BAR  |2 21 
100 |a Barberá Albalat, Vicente  |e author  |9 429154 
245 1 3 |a La enseñanza de los valores en la sociedad contemporánea 
300 |a 123 p 
942 |c BK 
945 |d 19960105 00:00:00  |a cmena 
260 |a Madrid  |b Escuela Española  |c 1981 
650 0 |a Educación moral  |9 308319 
650 0 |a Ética  |9 255099 
650 0 |a Métodos de enseñanza  |9 270413 
650 0 |a Rol del docente  |9 329733 
650 0 |a Conceptos morales   |9 310606 
650 0 |a Educación básica   |9 224933 
650 0 |a Rol del docente  |9 329733 
650 0 |a Filosofía de la educación   |9 258384 
583 |a last modification  |c 19960105 00:00:00  |k Rodrigo Vera 
490 0 |a Colección Práctica Educativa 
999 |c 243572  |d 243570 
952 |0 0  |1 0  |4 0  |6 370_114000000000000_BAR_1981  |7 0  |8 A  |9 257255  |a BIBEDU  |b BIBEDU  |d 2019-11-19  |i 1611402  |o 370.114 BAR 1981  |p 1611402  |r 2019-11-19  |w 2019-11-19  |y BK  |k EDU 
952 |0 0  |1 0  |4 0  |6 370_114000000000000_BAR_1981  |7 0  |8 A  |9 257256  |a BIBEDU  |b BIBEDU  |d 2019-11-19  |i 1611909  |o 370.114 BAR 1981  |p 1611909  |r 2019-11-19  |w 2019-11-19  |y BK  |k EDU